00574 2200181 4500245004100000020002200041250001100063700001800074700002600092650003700118005001900155260003300174041001400207084001000221500010400231490004800335336000900383 aBurung Volume 3cErry SunarayahText a978-979-3535-67-8 aCet. 1 aErry Sunaraya aAswita Ratih Fitriani aEnsiklopedia Biologi Dunia Hewan a20231116141633 aJakartabLENTERA ABADIc2010 aIndonesia a590.3 aDaftar isi : Burung, burung unta, rhea, kaswari dan emo, kiwi,..., burung petengget,burung terancam aEnsiklopedia Biologi Dunia Hewan : 3 Burung atext